[Event "Bundesliga 2012-13"]
[Site "Schwetzingen GER"]
[Date "2013.04.06"]
[Round "14"]
[White "McShane,L"]
[Black "Melkumyan,H"]
[Result "1/2-1/2"]
[WhiteElo "2713"]
[BlackElo "2649"]

1.e4 e5 2.Nf3 Nc6 3.Bb5 a6 4.Ba4 Nf6 5.O-O Be7 6.Bxc6 dxc6 7.d3 Nd7 8.Nc3 O-O
9.Ne2 Bf6 10.h3 Re8 11.Nh2 Nf8 12.Ng4 Bxg4 13.hxg4 Bg5 14.g3 Bxc1 15.Qxc1 h6
16.Nc3 Qg5 17.Qd1 Re6 18.f4 exf4 19.gxf4 Qh4 20.f5 Qg3+ 21.Kh1 Qh3+ 22.Kg1 Qg3+  1/2-1/2

[Event "Bundesliga 2012-13"]
[Site "Schwetzingen GER"]
[Date "2013.04.07"]
[Round "15"]
[White "Prusikin,M"]
[Black "McShane,L"]
[Result "1/2-1/2"]
[WhiteElo "2545"]
[BlackElo "2713"]

1.d4 d5 2.c4 c6 3.e3 Nf6 4.Nc3 a6 5.Qc2 g6 6.Bd3 Bg7 7.Nf3 O-O 8.O-O Bg4
9.Ne5 Be6 10.c5 Nbd7 11.Nxd7 Bxd7 12.f4 Ng4 13.Na4 Nh6 14.Nb6 Rb8 15.Nxd7 Qxd7
16.Bd2 f6 17.f5 Nxf5 18.Bxf5 gxf5 19.Rxf5 e6 20.Rh5 f5 21.Rf1 Qe8 22.Rh3 Rf6
23.Be1 Rg6 24.Bg3 Rd8 25.b4 Bf6 26.a4 Rd7 27.Bf4 Rg4 28.Rf2 Rdg7 29.Kh1 Bh4
30.Re2 Bg5 31.Rf2 h6 32.Be5 Rg6 33.Bf4 Kh7 34.Qd2 Rg8 35.a5 Qg6 36.Qb2 Rg7
37.Qd2 Kg8 38.Qb2 Kf7 39.Qd2 Rg8 40.Qb2 Bh4 41.Re2 Qh5 42.Qd2 Qg6 43.Qb2 Ke7
44.Qd2 Kd7 45.Qb2 Bg5 46.Rf2 h5 47.Qd2 Bd8 48.Qb2 Qh7 49.Kg1 Bc7 50.Kh1 Kc8
51.Kg1 Kb8 52.Kh1 h4 53.Kg1 Ka7 54.Kh1 Bd8 55.Kg1 Qh5 56.Qd2 Bf6 57.Kh1 R4g7
58.Qe1 Qg4 59.Qf1 Qg6 60.Rhf3 Qh5 61.Rh3 Rg4 62.Qe1 Qg6 63.Qf1 Qg7 64.Rhf3 Re8
65.h3 Rg6 66.Bd6 Bd8 67.Be5 Qe7 68.Rf4 Reg8 69.Re2 Rh6 70.Ref2 Bc7 71.Bxc7 Qxc7
72.Re2 Rg3 73.Qf2 Qg7 74.Qf1 Rh8 75.Qf2 Qe7 76.Qf1 Rgg8 77.Qf2 Re8 78.Rd2 Rh5
79.Rd1 Qh7 80.Rd2 Qh8 81.Rd1 Rg8 82.Rd2 Rh6 83.Re2 Rgg6 84.Rd2 Qd8 85.Re2 Rg8
86.Rd2 Rh5 87.Re2 Rg3 88.Rd2 Rh8 89.Re2 Rhg8 90.Qf1 Qe7 91.Kh2 Qh7 92.Kh1 Qh8
93.Qf2 Rxg2 94.Qxg2 Rxg2 95.Rxg2 e5 96.Rxf5 exd4 97.exd4 Qxd4 98.Rf8 Qe4
99.Kh2 Qe5+ 100.Kh1 Qe4 101.Kh2 Qe5+ 102.Kh1 Qe4  1/2-1/2

[Event "Bundesliga 2013-14"]
[Site "Bremen GER"]
[Date "2013.10.12"]
[Round "1"]
[White "Ragger,M"]
[Black "McShane,L"]
[Result "1/2-1/2"]
[WhiteElo "2668"]
[BlackElo "2697"]

1.d4 d5 2.c4 c6 3.Nf3 Nf6 4.Nc3 a6 5.c5 Nbd7 6.Bf4 Nh5 7.Bd2 Nhf6 8.Qc2 g6
9.g3 e5 10.dxe5 Ng4 11.e6 Nxc5 12.exf7+ Kxf7 13.Bg2 Bd6 14.e4 Nf6 15.Ng5+ Kg7
16.b4 Ncxe4 17.Ncxe4 dxe4 18.Bc3 Qe7 19.O-O Be5 20.Rfe1 Re8 21.f4 Bxc3 22.Qxc3 e3
23.Ne4 Bf5 24.Rxe3 Bxe4 25.Rxe4 Qc7 26.Rae1 Rxe4 27.Rxe4 Rd8 28.h3 Rd1+ 29.Kh2 Qd6
30.Re2 Rd3 31.Qc4 Rd4 32.Re7+ Qxe7 33.Qxd4 Kf7 34.a4 Qd7 35.Qc5 Qe7 36.Qd4 Qd7
37.Qc3 Nd5 38.Qc4 Ke7 39.b5 axb5 40.axb5 Kd6 41.Qd4 Qe6 42.bxc6  1/2-1/2

[Event "Bundesliga 2013-14"]
[Site "Bremen GER"]
[Date "2013.10.13"]
[Round "2"]
[White "McShane,L"]
[Black "Erdos,V"]
[Result "1/2-1/2"]
[WhiteElo "2697"]
[BlackElo "2661"]

1.e4 e6 2.d4 d5 3.Nd2 c5 4.Ngf3 cxd4 5.Nxd4 Nf6 6.exd5 Nxd5 7.N2f3 Bb4+ 8.Bd2 O-O
9.Be2 Qe7 10.c3 Bc5 11.O-O Bxd4 12.Nxd4 e5 13.Bf3 Rd8 14.Re1 f6 15.Be4 Qf7
16.Nf5 Nc6 17.Qg4 Kh8 18.Qh4 g6 19.Nh6 Qg7 20.c4 Nde7 21.Bc3 g5 22.Qh5 Be6
23.Ng4 Bf7 24.Qh3 Bg6 25.Bxg6 Qxg6  1/2-1/2

[Event "Bundesliga 2013-14"]
[Site "Hockenheim GER"]
[Date "2014.03.15"]
[Round "11"]
[White "McShane,L"]
[Black "Rapport,R"]
[Result "0-1"]
[WhiteElo "2697"]
[BlackElo "2676"]

1.e4 e6 2.d4 d5 3.Nd2 Be7 4.c3 c5 5.dxc5 Bxc5 6.Bd3 Nf6 7.Qe2 Qc7 8.Ngf3 O-O
9.O-O Nbd7 10.Bc2 b6 11.exd5 exd5 12.Nb3 Re8 13.Qd3 a5 14.Nxc5 bxc5 15.Re1 Rxe1+
16.Nxe1 Ba6 17.Qd1 Re8 18.Nd3 Qb6 19.h3 h6 20.Rb1 Bc4 21.a4 Ne4 22.Bd2 Bxd3
23.Bxd3 Nxf2 24.Qf3 Nxd3 25.Qxd3 c4+ 26.Qd4 Re2 27.Rd1 Qxb2 28.Qxd5 Qc2 29.Bf4 Rxg2+
30.Kh1 Re2 31.Rg1 Qd3 32.Qxd3 cxd3 33.Bxh6 d2 34.Rxg7+ Kh8 35.Rg1 Ne5 36.Bf4 Nf3  0-1

[Event "Bundesliga 2013-14"]
[Site "Eppingen GER"]
[Date "2014.04.05"]
[Round "14"]
[White "Piorun,K"]
[Black "McShane,L"]
[Result "1/2-1/2"]
[WhiteElo "2551"]
[BlackElo "2697"]

1.c4 c6 2.e4 d5 3.exd5 cxd5 4.d4 Nf6 5.Nc3 g6 6.cxd5 Nxd5 7.Nf3 Bg7 8.Bb5+ Bd7
9.Be2 Nxc3 10.bxc3 Nc6 11.O-O O-O 12.Bg5 Be6 13.Qd2 Rc8 14.Rad1 Bd5 15.Bh6 Qa5
16.Bxg7 Kxg7 17.Rb1 Rfd8 18.Qe3 Qc7 19.c4 Bxf3 20.Bxf3 b6 21.Bxc6 Qxc6 22.Qxe7 Rd7
23.Qa3 Qe4 24.c5 Qxd4 25.cxb6 axb6 26.Rb4 Qf6 27.Qb2  1/2-1/2

[Event "Bundesliga 2013-14"]
[Site "Eppingen GER"]
[Date "2014.04.06"]
[Round "15"]
[White "McShane,L"]
[Black "Maze,S"]
[Result "1-0"]
[WhiteElo "2697"]
[BlackElo "2550"]

1.c4 Nf6 2.g3 g6 3.Bg2 Bg7 4.Nc3 O-O 5.d3 c5 6.Nf3 Nc6 7.O-O d5 8.cxd5 Nxd5
9.Nxd5 Qxd5 10.Be3 Qd6 11.Rc1 Nd4 12.Nxd4 cxd4 13.Bd2 Be6 14.Qa4 Qb6 15.b3 Be5
16.Ba5 Qa6 17.Bc7 Qxa4 18.bxa4 Bxc7 19.Rxc7 Rfc8 20.Rxe7 Rab8 21.Bxb7 Rc5
22.Bf3 Ra5 23.Rc1 Rxa4 24.Kg2 Rxa2 25.g4 a5 26.Ra7 a4 27.Rc6 Rd8 28.Kg3 Bb3
29.g5 Ra1 30.Rb6 Rc1 31.h4 Rc5 32.Rf6 Kg7 33.Bc6 h6 34.f4 hxg5 35.hxg5 Rc1
36.Bxa4 Bd5 37.Rd7 Re8 38.Rxd5 Re3+ 39.Kf2 Rh1 40.Rxd4  1-0

[Event "TCh-HUN 2013-14"]
[Site "Paks HUN"]
[Date "2014.04.13"]
[Round "8"]
[White "McShane,L"]
[Black "Berkes,F"]
[Result "1-0"]
[WhiteElo "2697"]
[BlackElo "2678"]

1.e4 d6 2.d4 Nf6 3.Nc3 e5 4.Nf3 Nbd7 5.Bc4 exd4 6.Qxd4 Be7 7.Bf4 O-O 8.O-O-O Nb6
9.Be2 Ng4 10.Bg3 Bf6 11.Qd2 Re8 12.Rhe1 Bd7 13.Nd4 Ne5 14.f4 Nbc4 15.Bxc4 Nxc4
16.Qd3 Nb6 17.Kb1 Bg4 18.Nf3 Be6 19.f5 Bc4 20.Qd2 Ba6 21.b3 Nd7 22.Nd5 b6
23.Nxf6+ gxf6 24.Bh4 Qe7 25.e5 Nxe5 26.Nxe5 dxe5 27.Qh6 Qf8 28.Qh5 Red8 29.Bxf6 Rxd1+
30.Rxd1 h6 31.Rd7  1-0

[Event "4NCL 2013-14"]
[Site "Hinckley ENG"]
[Date "2014.05.05"]
[Round "11.112"]
[White "Giri,A"]
[Black "McShane,L"]
[Result "1-0"]
[WhiteElo "2746"]
[BlackElo "2696"]

1.d4 d5 2.c4 c6 3.Nc3 Nf6 4.Nf3 a6 5.a4 e6 6.g3 a5 7.Bg2 Na6 8.O-O Be7 9.Nd2 O-O
10.e4 Nb4 11.e5 Ne8 12.b3 b6 13.Ba3 Nc7 14.Re1 Bb7 15.cxd5 cxd5 16.Bf1 Ba6
17.Bxa6 Ncxa6 18.Ndb1 Rc8 19.Bb2 Rc6 20.Na3 Qd7 21.Qd2 Rfc8 22.Rec1 Nc7 23.Qe2 Qe8
24.Kg2 f6 25.exf6 Bxf6 26.Nd1 Nca6 27.Rxc6 Rxc6 28.Ne3 Qg6 29.Rd1 Nc7 30.Kg1 h5
31.Ng2 Bg5 32.h4 Bh6 33.Ne1 Bf4 34.Ng2 Bd6 35.Ne1 Ne8 36.Rc1 Rxc1 37.Bxc1 Qe4
38.Be3 Nf6 39.Nb5 Bf8 40.Nc3 Qf5 41.Bf4 Nc6 42.Nb5 Qe4 43.Qd1 e5 44.f3 Qf5
45.dxe5 Nxe5 46.Nd4 Bc5 47.Kg2 Bxd4 48.Qxd4 Ned7 49.Nd3 Qe6 50.Qe3 Qc6 51.Qc1 Nc5
52.Be3 Nfd7 53.Nf4 Qd6 54.Qc3 g6 55.Qc2 Kf7 56.Bd4 Nb8 57.Bxc5 bxc5 58.Qd2 Nc6
59.Nxd5 Nd4 60.Nf4 Qb6 61.Qd3 Kg7 62.Qe4 Kf7 63.Qd5+ Kg7 64.Qd7+ Kg8 65.Qe8+ Kg7
66.Qe7+ Kh8 67.Qf8+ Kh7 68.Nd5  1-0